| 000 | 01070nam a2200277Ia 4500 | ||
|---|---|---|---|
| 003 | OSt | ||
| 005 | 20221005111937.0 | ||
| 006 | a|||||r|||| 00| 0 | ||
| 007 | ta | ||
| 008 | 221004b |||||||| |||| 00| 0 hin d | ||
| 020 |
_a9789382443483 (pbk) _c175 |
||
| 024 | _a8511 | ||
| 037 |
_b238, 17/12/2013, Eastern Book Linkers _cTextual |
||
| 040 |
_aCRL _cCRL _bhin |
||
| 041 |
_2hin _ahin |
||
| 082 | _aO15,6x, Q3 | ||
| 100 | _aझा, उदय शंकर | ||
| 245 | 0 | _aसंस्कृत निबन्ध मन्जूड्ढा | |
| 246 | _aSanskṛut nibandha manjūḍḍhā | ||
| 260 |
_aवाराणसी _bचौखम्बा सुरभारती प्रकाशन भारत _c2013 |
||
| 300 |
_a431पृ0 _ccm. |
||
| 490 | _aचौखम्बा सुरभारती ग्रन्थमाला; 566 | ||
| 650 | _aसंस्कृत साहित्य | ||
| 942 |
_hO15,6x, Q3 _cTEXL _2cc |
||
| 999 |
_c1023376 _d1023376 |
||